Personálny controlling diplomová práca

Enregistré dans:
Détails bibliographiques
Auteur principal: Tomáš, Martin
Collectivité auteur: Podnikovohospodárska fakulta EU so sídlom v Košiciach. Katedra manažmentu
Autres auteurs: Olexová, Cecília, 1976-
Format: Livre
Langue:slovaque
Publié: Košice 2013
Tags: Ajouter un tag
Pas de tags, Soyez le premier à ajouter un tag!

MARC

LEADER 00000nbm a2200000 4500
001 0170325
005 20161109102337.9
041 0 |a slo 
044 |a SK 
245 1 0 |a Personálny controlling  |b diplomová práca  |c Martin Tomáš ; školiteľ: Cecília Olexová 
264 1 |a Košice  |c 2013 
300 |a 72 s. 
100 1 |a Tomáš, Martin 
700 1 |a Olexová, Cecília, 1976- 
710 2 |a Podnikovohospodárska fakulta EU so sídlom v Košiciach. Katedra manažmentu